Maria E I Soldati Piu' che unj romanzo di guerra un western psicologico ,un romnanzo d'amore

Spremljeno u:
Bibliografski detalji
Glavni autor: Sa'ito
Format: Knjiga
Jezik:nepoznati jezik
Izdano: I Garzanti
Oznake: Dodaj oznaku
Bez oznaka, Budi prvi tko označuje ovaj zapis!

MARC

LEADER 00000nam a2200000Ia 4500
001 R-829
003 CODICE-MESSINA
005 20260212102458.0
008 260211s9999 xx 000 0 und d
040 |c importazione_messina 
100 |a Sa'ito 
245 0 |a Maria E I Soldati 
245 0 |b Piu' che unj romanzo di guerra un western psicologico ,un romnanzo d'amore 
260 |b I Garzanti 
942 |2 ddc  |c BK 
952 |0 0  |1 0  |2 ddc  |4 0  |6 SCAFFALE_7_000000000000000__ROMANZI  |7 0  |9 31656  |a ME  |b ME  |d 2026-02-11  |l 0  |o SCAFFALE 7 - ROMANZI  |p R-829  |r 2026-02-11 23:52:41  |w 2026-02-11  |x [REVISIONARE]  |y BK 
999 |c 27321  |d 27321